Statistics for Shared First Names #1

Click here to take the quiz!

General Stats

  • This quiz has been taken 80,258 times
    (60,842 since last reset)
  • The average score is 21 of 30

Answer Stats

Last NamesFirst Name% Correct
Washington, Bush, ClooneyGeorge
100%
Phelps, Jordan, JacksonMichael
97%
Petty, Brady, HanksTom
93%
Spielberg, Seagal, TylerSteven
93%
Gates, Bradley, NyeBill
88%
Kwan, Obama, PfeifferMichelle
88%
Lopez, Hudson, GarnerJennifer
86%
Black, Johnson, NicholsonJack
86%
Biel, Simpson, AlbaJessica
85%
Palin, McLachlan, SilvermanSarah
83%
Dylan, Barker, VilaBob
80%
Tebow, McGraw, BurtonTim
78%
Kudrow, Bonet, LoebLisa
73%
Evert, Tucker, RockChris
70%
Sampras, Townshend, BestPete
68%
Dickinson, Bronte, PostEmily
67%
Maddow, Weisz, McAdamsRachel
66%
Hurley, Taylor, BanksElizabeth
65%
Reagan, Grace, SinatraNancy
63%
Buchanan, Sajak, BenatarPat
58%
Brown, Rather, MarinoDan
57%
Cheadle, Knotts, RicklesDon
56%
Cronkite, Matthau, PaytonWalter
55%
Lewis, Sagan, JungCarl
54%
Bateman, Alexander, GiambiJason
54%
Bradbury, Charles, KrocRay
52%
Quaid, Moss, JacksonRandy
43%
Cooke, Houston, WaltonSam
37%
Hamilton, Tripp, McCartneyLinda
37%
Cho, Mead, SangerMargaret
28%

Score Distribution

Percentile by Number Answered

Percent of People with Each Score

Your Score History

You have not taken this quiz since the last reset